000 00498nam a22001937a 4500
003 MPLRDC
005 20220104160921.0
008 210129b ||||| |||| 00| 0 eng d
020 _a957-607-877-6
082 _a411.19 EYGX
100 _a儿玉光雄
245 _a召唤成功的六种脑力
_c李菁菁译
250 _a初版
260 _a台湾
_b如何出版社有限公司
_c2003
300 _b256
490 _aHAPPY LEARNING. 025
650 _a健脑法
942 _cBK
_o411.19 EYGX
999 _c55232
_d55222